00815nam a22002057a 450000500170000000800410001702000150005805000230007310000280009624501600012425000110028426000530029530000210034849000300036950400330039965000510043265000380048365000440052170000440056520190910090026.0190905b sp ||||| |||| 00| 0 spa d a849767168604aKKT843.4bP37 20031 aPascual Medrano, Amelia13aEl derecho fundamental a la propia imagenb: fundamento, contenido, titularidad y límitesc/ Amelia Pascual Medrano ; prólogo Pedro de Pablo contreras. a1a ed. aNavarra, España :bThomson :bAranzadi,c2003. a177 p. ;c19 cm.0 aDivulgación Jurídica. aBibliografía : p. 171-177. 4aPropia imagenxLeyes y legislaciónzEspaña 4aPersonasxDerecho civilzEspaña 72lembaDerecho a la privacidadzEspaña1 aPablo Contreras, Pedro de,eprologuista